Which country comes alphabetically in between? #1 - Statistics

General Stats
  • This quiz has been taken 89 times
  • The average score is 12 of 15
Answer Stats
before Country after % Correct
Slovakia Slovenia Solomon Islands
93%
Fiji Finland France
90%
Jamaica Japan Jordan
88%
Uzbekistan Vanuatu Vatican City
88%
Vietnam Yemen Zambia
87%
Kosovo Kuwait Kyrgyzstan
85%
Panama Papua New Guinea Paraguay
84%
Thailand Togo Tonga
84%
Algeria Andorra Angola
82%
Chad Chile China
82%
Tuvalu Uganda Ukraine
82%
Bosnia and Herzegovina Botswana Brazil
79%
Ireland Israel Italy
79%
Ghana Greece Grenada
72%
Morocco Mozambique Myanmar
68%
No matching quizzes found
Score Distribution
Percent of People with Each Score
Percentile by Number Answered
Your Score History
You have not taken this quiz